000 01047nam a2200253Ia 4500
003 OSt
005 20220930094858.0
006 a|||||r|||| 00| 0
007 ta
008 220926b |||||||| |||| 00| 0 hin d
024 _a32449
037 _cTheses
040 _aCRL
_cCRL
_bhin
041 _2hin
_ahin
100 _aराम, केवल, ले.
110 _aदिल्ली विश्वविद्यालय. कला संकाय. हिन्दी
_9556549
245 0 _aवैश्वीकरण की पृष्ठभूमि में हिन्दी ब्लॉग-साहित्य का विश्लेषण
246 _aVaishvīkaraṇ kī pṛuṣhṭhabhūmi mean hindī blaॉga-sāhitya kā vishleṣhaṇa
260 _c2014
300 _a468पृ.
_ap.
_ccm.
700 _aदिल्ली विश्वविद्यालय. कला संकाय. हिन्दी
_9556550
942 _cDIS
_2CC
999 _c887845
_d887845